Bundesregierung Österreich - Statistiken

Allgemein
  • Dieses Quiz wurde 76 mal gespielt
  • Das Durchschnittsergebnis liegt bei 9 aus 14
Antwortstatistiken
Bildquiz Hint Antwort % Korrekt
Bundeskanzler Dr. Christian Stocker
100%
Bundesminister für Wohnen, Kunst, Kultur, Medien und Sport Andreas Babler, MSc
90%
Bundesministerin für europäische und internationale Angelegenheiten Mag.a Beate Meinl-Reisinger, MES
84%
Bundesminister für Inneres Mag. Gerhard Karner
81%
Bundesministerin für Landesverteidigung Mag.a Klaudia Tanner
71%
Bundesminister für Bildung Christoph Wiederkehr, MA
65%
Bundesministerin für Europa, Integration und Familie im Bundeskanzleramt Claudia Plakolm
65%
Bundesminister für Finanzen Dr. Markus Marterbauer
65%
Bundesministerin für Frauen, Wissenschaft und Forschung Eva-Maria Holzleitner, BSc
55%
Bundesminister für Innovation, Mobilität und Infrastruktur Peter Hanke
52%
Bundesminister für Wirtschaft, Energie und Tourismus Mag. Dr. Wolfgang Hattmannsdorfer
48%
Bundesminister für Land- und Forstwirtschaft, Klima- und Umweltschutz, Regionen und Wasserwirtschaft Mag. Norbert Totschnig, MSc
48%
Bundesministerin für Justiz Dr.in Anna Sporrer
45%
Bundesministerin für Arbeit, Soziales, Gesundheit, Pflege und Konsumentenschutz Korinna Schumann
42%
Keine übereinstimmenden Quizze gefunden
Verteilung der Resultate
Anzahl Personen mit jedem Resultat
Perzentil nach korrekt beantworteten Fragen
Ihre Resultats-Entwicklung
Sie haben dieses Quiz noch nicht gespielt